000 00426nam a22001577a 4500
999 _c16947
_d16947
008 180710b xxu||||| |||| 00| 0 eng d
020 _a0702008729
050 _aQL697
_b.K56 1984 c.1
100 _aKing, A.S.
245 _aBirds
_bTheir structure and function
_cA.S. King
250 _a2nd ed.
260 _aLondon
_bBailliere
_c1984
300 _aviii,334p.
650 _aBirds
_vAnatomy
942 _2lcc
_cBK
_hQL697